[Event "Politiken Cup 2008"]
[Site "Helsingør DEN"]
[Date "2008.07.20"]
[Round "2.130"]
[White "Mottang, Harald"]
[Black "Skov, Palle"]
[Result "1-0"]
[WhiteElo "1323"]
[BlackElo "1910"]
[PlyCount "105"]
[EventDate "2008.07.20"]
[EventType "swiss"]
[EventRounds "9"]
[EventCountry "DEN"]
[Source "lmi"]
[SourceDate "2008.07.20"]
[BlackTeam "Hillerød"]

1. Nf3 Nf6 2. c4 e6 3. d4 Bb4+ 4. Bd2 Qe7 5. a3 Bxd2+ 6. Nbxd2 d5 7. e3 O-O 8.
Bd3 c5 9. dxc5 dxc4 10. Bxc4 Qxc5 11. Rc1 Qa5 12. O-O Nc6 13. Nb3 Qh5 14. Be2
Rd8 15. Nfd4 Qh6 16. Rxc6 bxc6 17. Nf5 Rxd1 18. Nxh6+ gxh6 19. Rxd1 Nd5 20. Nd4
Rb8 21. b4 Bd7 22. Rc1 Rb6 23. Nf3 Bc8 24. Ne5 Ba6 25. Bh5 Bb5 26. Bxf7+ Kg7
27. Bxe6 Kf6 28. Bxd5 Kxe5 29. Bf3 Ra6 30. Rc3 Ra4 31. Bd1 Ra6 32. Bc2 h5 33.
f4+ Kd6 34. Bxh7 Be2 35. Kf2 Bg4 36. e4 Rb6 37. e5+ Kd5 38. Ke3 Ke6 39. Ke4 a5
40. f5+ Kf7 41. Bg6+ Kg7 42. bxa5 Rb2 43. Rxc6 Re2+ 44. Kd5 Rxg2 45. Rc7+ Kh6
46. h4 Bxf5 47. Bxf5 Rd2+ 48. Ke6 Rd6+ 49. Ke7 Rf6 50. Be4 Rf7+ 51. Kd6 Rf6+
52. Kc5 Rc6+ 53. Rxc6+ 1-0

[Event "Politiken Cup 2008"]
[Site "Helsingør DEN"]
[Date "2008.07.20"]
[Round "2.131"]
[White "Johansen, Bjørn Berg"]
[Black "Joensen, Jogvan"]
[Result "0-1"]
[WhiteElo "1290"]
[BlackElo "1904"]
[PlyCount "75"]
[EventDate "2008.07.20"]
[EventType "swiss"]
[EventRounds "9"]
[EventCountry "DEN"]
[Source "lmi"]
[SourceDate "2008.07.20"]
[WhiteTeam "Fredriksstad"]
[BlackTeam "Havnar Telvingarfelag"]

1. d4 Nf6 2. Nf3 d5 3. Nc3 Bf5 4. Nh4 Bc8 5. Bf4 c6 6. e3 h6 7. Nf3 Bf5 8. Bd3
Bxd3 9. Qxd3 e6 10. O-O Nbd7 11. a3 Nh5 12. Ne2 Nxf4 13. Nxf4 Bd6 14. c4 Qe7
15. cxd5 exd5 16. Nh5 O-O 17. Rfe1 g6 18. Ng3 f5 19. Qb3 Nf6 20. Nh4 Kh7 21.
Qd1 Ng4 22. Nf3 Rae8 23. h3 Nf6 24. Qc2 Ne4 25. Ne2 Rf7 26. b4 a6 27. Rab1 Kh8
28. g3 g5 29. Kg2 g4 30. Nh4 gxh3+ 31. Kh2 Qxh4 32. Nf4 Bxf4 33. exf4 Qg4 34.
Qe2 Rfe7 35. Qxg4 fxg4 36. Rb2 Nd2 37. Re5 Nf3+ 38. Kh1 0-1

[Event "Politiken Cup 2008"]
[Site "Helsingør DEN"]
[Date "2008.07.20"]
[Round "2.132"]
[White "Brauner, Jonathan"]
[Black "Bräuner, Benjamin"]
[Result "1-0"]
[WhiteElo "1894"]
[BlackElo "1147"]
[PlyCount "43"]
[EventDate "2008.07.20"]
[EventType "swiss"]
[EventRounds "9"]
[EventCountry "DEN"]
[Source "lmi"]
[SourceDate "2008.07.20"]
[WhiteTeam "BMS"]
[BlackTeam "BMS"]

1. e4 e5 2. Nf3 Nc6 3. Bb5 Nf6 4. Nc3 Bc5 5. d3 d6 6. h3 h6 7. O-O Be6 8. Be3
O-O 9. Bxc5 dxc5 10. Bxc6 bxc6 11. Nxe5 Qd6 12. f4 Rab8 13. Rb1 Qd4+ 14. Kh1
Rb6 15. Nf3 Qd6 16. e5 Qe7 17. exf6 Qxf6 18. Qd2 Rfb8 19. b3 Bd5 20. Ne5 Qe6
21. Na4 Rb5 22. c4 1-0

[Event "Politiken Cup 2008"]
[Site "Helsingør DEN"]
[Date "2008.07.20"]
[Round "2.133"]
[White "Zmylon, Frederik Nielsen"]
[Black "Hansen, Henrik Damgaard"]
[Result "1/2-1/2"]
[WhiteElo "1252"]
[BlackElo "1893"]
[PlyCount "106"]
[EventDate "2008.07.20"]
[EventType "swiss"]
[EventRounds "9"]
[EventCountry "DEN"]
[Source "lmi"]
[SourceDate "2008.07.20"]
[WhiteTeam "Taastrup"]
[BlackTeam "Hillerød"]

1. e4 d5 2. exd5 Nf6 3. Bb5+ Bd7 4. Bc4 b5 5. Bb3 a5 6. a3 Bg4 7. f3 Bf5 8. Nc3
a4 9. Ba2 Qd7 10. Nge2 Na6 11. Nd4 b4 12. axb4 Nxb4 13. Bc4 Nfxd5 14. Nxd5 c6
15. Nxb4 Qxd4 16. Qe2 Qb6 17. Nd3 e6 18. Bb3 a3 19. bxa3 Bd6 20. Bb2 O-O 21.
Qe3 Qxe3+ 22. dxe3 Bxd3 23. cxd3 Rfb8 24. Bxe6 Rxb2 25. Bd7 Bb4+ 26. Kf1 c5 27.
h3 Rxa3 28. Rxa3 Bxa3 29. Kg1 Rb3 30. Bf5 g6 31. Be4 Rb1+ 32. Kh2 Rxh1+ 33.
Kxh1 Bc1 34. Kg1 Bxe3+ 35. Kf1 Kf8 36. Ke2 Bd4 37. Bd5 Ke7 38. g4 g5 39. f4
gxf4 40. Kf3 Be5 41. g5 f6 42. h4 fxg5 43. hxg5 Kf8 44. Ke4 Bd6 45. Kf5 Kg7 46.
Be4 h6 47. gxh6+ Kxh6 48. Ke6 Bf8 49. Kf5 Bd6 50. Ke6 Bb8 51. Kd5 Ba7 52. Kc6
c4 53. dxc4 Be3 1/2-1/2

[Event "Politiken Cup 2008"]
[Site "Helsingør DEN"]
[Date "2008.07.20"]
[Round "2.134"]
[White "Nord, Michael"]
[Black "Nielsen, Bjørn"]
[Result "1-0"]
[WhiteElo "1889"]
[BlackElo "1091"]
[PlyCount "79"]
[EventDate "2008.07.20"]
[EventType "swiss"]
[EventRounds "9"]
[EventCountry "DEN"]
[Source "lmi"]
[SourceDate "2008.07.20"]
[WhiteTeam "Tårnet Svendborg"]
[BlackTeam "KS"]

1. e4 e5 2. Nf3 Nc6 3. Bb5 a6 4. Ba4 d6 5. d3 h6 6. c3 Nf6 7. h3 Be7 8. O-O Be6
9. Re1 O-O 10. d4 d5 11. exd5 Qxd5 12. Bb3 Qd6 13. Bxe6 Qxe6 14. Nxe5 Nxe5 15.
Rxe5 Qd7 16. Nd2 Rfe8 17. Nf3 Bd6 18. Rxe8+ Rxe8 19. Be3 c6 20. Qd3 Ne4 21. Nd2
Nxd2 22. Qxd2 Re6 23. Rd1 Rg6 24. Kh1 Qe6 25. b3 Bc7 26. Bf4 Bd8 27. Re1 Qd5
28. f3 Bh4 29. Re5 Qd8 30. Qe2 Kf8 31. Bc1 Bg5 32. Ba3+ Rd6 33. Bxd6+ Kg8 34.
Re8+ Kh7 35. Rxd8 Bxd8 36. Qe4+ g6 37. Qe8 Bf6 38. Qxf7+ Bg7 39. Be5 Kh8 40.
Qxg7# 1-0

[Event "Politiken Cup 2008"]
[Site "Helsingør DEN"]
[Date "2008.07.20"]
[Round "2.135"]
[White "Thestrup, Sixten"]
[Black "Hjornevik, Asbjorn"]
[Result "1-0"]
[WhiteElo "1883"]
[BlackElo "1000"]
[PlyCount "43"]
[EventDate "2008.07.20"]
[EventType "swiss"]
[EventRounds "9"]
[EventCountry "DEN"]
[Source "lmi"]
[SourceDate "2008.07.20"]
[WhiteTeam "Øbro"]
[BlackTeam "Sandness"]

1. b3 d5 2. Bb2 c5 3. e3 Nc6 4. Nf3 Bg4 5. Be2 e6 6. O-O Nf6 7. h3 Bh5 8. d4
Qb6 9. dxc5 Bxc5 10. Nc3 Qc7 11. Ne1 Bxe2 12. Nxe2 Bd6 13. Nd3 O-O-O 14. Rc1
Kb8 15. c4 Rhg8 16. cxd5 Nxd5 17. Nd4 Nde7 18. Qf3 Rdf8 19. Nb5 Qd7 20. Rfd1
Nb4 21. Nxd6 Qxd6 22. Be5 1-0

[Event "Politiken Cup 2008"]
[Site "Helsingør DEN"]
[Date "2008.07.20"]
[Round "2.136"]
[White "Arup, Niels"]
[Black "Brorsen, Jacob Abildlund"]
[Result "0-1"]
[WhiteElo "1220"]
[BlackElo "1882"]
[PlyCount "86"]
[EventDate "2008.07.20"]
[EventType "swiss"]
[EventRounds "9"]
[EventCountry "DEN"]
[Source "lmi"]
[SourceDate "2008.07.20"]
[WhiteTeam "BMS"]
[BlackTeam "BMS"]

1. d4 g6 2. c4 Bg7 3. Nf3 d6 4. Nc3 f5 5. e3 Nf6 6. Bd3 O-O 7. O-O c6 8. Re1
Qc7 9. b3 e5 10. dxe5 dxe5 11. e4 f4 12. Bb2 Bg4 13. Be2 Be6 14. Rc1 h6 15. h3
a5 16. a4 Na6 17. Qc2 Nb4 18. Qb1 Nd7 19. Na2 Nc5 20. Nxb4 axb4 21. Qc2 Rae8
22. Rcd1 Bc8 23. Rd2 Nxe4 24. Rdd1 Bf5 25. Bd3 Nc3 26. Bxf5 gxf5 27. Bxc3 bxc3
28. Nh4 Qf7 29. Nf3 e4 30. Nd4 Qf6 31. Qc1 f3 32. g3 Qg6 33. Qf4 Be5 34. Qh4
Bf6 35. Qf4 Bg5 36. Qc7 Re7 37. Qb6 f4 38. g4 h5 39. Nf5 hxg4 40. Nxe7+ Bxe7
41. Kh2 Qh5 42. Kg1 Qxh3 43. Rd7 Qg2# 0-1

[Event "Politiken Cup 2008"]
[Site "Helsingør DEN"]
[Date "2008.07.20"]
[Round "2.137"]
[White "Barene, Simon"]
[Black "Lindgren, Philip"]
[Result "0-1"]
[WhiteElo "1194"]
[BlackElo "1876"]
[PlyCount "52"]
[EventDate "2008.07.20"]
[EventType "swiss"]
[EventRounds "9"]
[EventCountry "DEN"]
[Source "lmi"]
[SourceDate "2008.07.20"]
[WhiteTeam "Sandness"]
[BlackTeam "Limhamn"]

1. e4 c5 2. Nf3 d6 3. d4 cxd4 4. Nxd4 Nf6 5. Nc3 g6 6. f3 Bg7 7. Be3 O-O 8. Qd2
Nc6 9. O-O-O d5 10. Nxc6 bxc6 11. exd5 Nxd5 12. Nxd5 cxd5 13. Qxd5 Qc7 14. Qc5
Qb7 15. Bd4 Bf5 16. Qb5 Qc7 17. Qc5 Qf4+ 18. Be3 Qa4 19. Qc4 Qa5 20. Bd2 Qb6
21. Qb3 Rfc8 22. Bc4 Rxc4 23. Be3 Qxe3+ 24. Qxe3 Rxc2+ 25. Kb1 Rxb2+ 26. Ka1
Rb1# 0-1

[Event "Politiken Cup 2008"]
[Site "Helsingør DEN"]
[Date "2008.07.20"]
[Round "2.138"]
[White "Palvig, David Kinch"]
[Black "Malou, Shervin-Leon"]
[Result "1-0"]
[WhiteElo "1868"]
[BlackElo "1344"]
[PlyCount "146"]
[EventDate "2008.07.20"]
[EventType "swiss"]
[EventRounds "9"]
[EventCountry "DEN"]
[Source "lmi"]
[SourceDate "2008.07.20"]
[WhiteTeam "Hillerød"]
[BlackTeam "Stavanger"]

1. Nf3 Nc6 2. c4 b6 3. d4 d5 4. cxd5 Qxd5 5. Nc3 Qd8 6. e4 a6 7. d5 Na7 8. Ne5
Bb7 9. Bxa6 Bxa6 10. Qa4+ b5 11. Qxa6 f6 12. Nc6 Nxc6 13. Qxc6+ Kf7 14. Nxb5
Qb8 15. O-O g5 16. Nxc7 Ra7 17. Ne6 h5 18. f4 g4 19. e5 Bh6 20. Qc3 Rd7 21.
Ng5+ Kf8 22. Qd4 Qb5 23. Ne6+ Kf7 24. Nc5 Rd8 25. b4 Bg7 26. e6+ Ke8 27. f5 Qb8
28. Bf4 Qb6 29. a4 Nh6 30. Bxh6 Bxh6 31. a5 Qd6 32. a6 g3 33. h3 Ra8 34. b5 Qb6
35. Rfb1 Rg8 36. a7 Rxa7 37. Rxa7 Qxa7 38. b6 Qa2 39. Qa4+ Qxa4 40. Nxa4 Kd8
41. Rb3 Kc8 42. Nc5 Rd8 43. b7+ Kc7 44. Na6+ Kd6 45. b8=Q+ Rxb8 46. Rxb8 Kxd5
47. Rh8 Bg5 48. Rxh5 Ke5 49. Rxg5 fxg5 50. Kf1 Kxf5 51. Nc7 Ke5 52. Ke2 Kd6 53.
Nb5+ Kxe6 54. Kf3 Kf5 55. Nd4+ Kf6 56. Kxg3 e5 57. Ne2 Kf5 58. Kf3 e4+ 59. Ke3
Ke5 60. Ng3 g4 61. h4 Kf6 62. Kxe4 Kg6 63. Kf4 Kh6 64. Kxg4 Kg6 65. Kf4 Kf6 66.
h5 Kf7 67. Kg5 Kg7 68. h6+ Kg8 69. Kg6 Kh8 70. Ne4 Kg8 71. Nd6 Kh8 72. Nf7+ Kg8
73. h7+ Kf8 1-0

[Event "Politiken Cup 2008"]
[Site "Helsingør DEN"]
[Date "2008.07.20"]
[Round "3.7"]
[White "Socko, Bartosz"]
[Black "Eljanov, Vladimir"]
[Result "1-0"]
[WhiteElo "2628"]
[BlackElo "2357"]
[PlyCount "129"]
[EventDate "2008.07.20"]
[EventType "swiss"]
[EventRounds "9"]
[EventCountry "DEN"]
[Source "lmi"]
[SourceDate "2008.07.20"]

1. e4 c5 2. Nf3 e6 3. b3 Nf6 4. e5 Nd5 5. Bb2 Nc6 6. g3 d6 7. exd6 Nf6 8. Bg2
Qxd6 9. Na3 Be7 10. Qe2 O-O 11. O-O-O Qc7 12. d4 a6 13. Rhe1 cxd4 14. Nxd4 Bd7
15. Nc4 Nxd4 16. Bxd4 Bb5 17. Qe5 Qxe5 18. Nxe5 Ba3+ 19. Kb1 Rab8 20. c4 Be8
21. Ba7 Rc8 22. Be3 Bc6 23. Nxc6 bxc6 24. Bf3 Rfe8 25. g4 Bb4 26. Rg1 Kf8 27.
g5 Ng8 28. Kb2 Ne7 29. Bb6 Rb8 30. c5 Nd5 31. Rg4 Bc3+ 32. Kc2 Be5 33. Ba5 Rb5
34. b4 Rb7 35. Rh4 Kg8 36. Re1 f6 37. gxf6 gxf6 38. Be4 Rg7 39. Kb3 Bc7 40.
Bxc7 Rxc7 41. Rh6 Rf8 42. Bxd5 exd5 43. Rg1+ Rg7 44. Rxg7+ Kxg7 45. Rh3 f5 46.
Ka4 d4 47. Rd3 Rd8 48. Kb3 Kf6 49. f4 a5 50. a3 a4+ 51. Kc4 Re8 52. Rxd4 Re3
53. Rd6+ Ke7 54. Rxc6 Rxa3 55. Ra6 Rf3 56. Kd5 Rxf4 57. Ra7+ Kd8 58. b5 Rb4 59.
b6 f4 60. Kd6 Ke8 61. b7 f3 62. Ra8+ Kf7 63. b8=Q Rxb8 64. Rxb8 f2 65. Rb1 1-0

[Event "Politiken Cup 2008"]
[Site "Helsingør DEN"]
[Date "2008.07.20"]
[Round "3.8"]
[White "Jacobsen, Bo"]
[Black "Landa, Konstantin"]
[Result "0-1"]
[WhiteElo "2323"]
[BlackElo "2615"]
[PlyCount "76"]
[EventDate "2008.07.20"]
[EventType "swiss"]
[EventRounds "9"]
[EventCountry "DEN"]
[Source "lmi"]
[SourceDate "2008.07.20"]
[WhiteTeam "AArhus/Skolerne"]

1. c4 e6 2. g3 d5 3. Nf3 Nf6 4. Bg2 dxc4 5. Na3 Bxa3 6. bxa3 O-O 7. Qc2 b5 8.
Bb2 c6 9. Ng5 Re8 10. O-O h6 11. Bxf6 Qxf6 12. Qh7+ Kf8 13. Ne4 Qg6 14. Qxg6
fxg6 15. Nd6 Rd8 16. Nxb5 a6 17. Nc3 Rxd2 18. Rfd1 Rxd1+ 19. Rxd1 Ke7 20. Rd4
Bb7 21. Rxc4 Nd7 22. h4 Rc8 23. Rg4 Nf6 24. Rb4 Rc7 25. Na4 Nd7 26. f4 a5 27.
Rb2 Ba6 28. e4 c5 29. Kf2 Rb7 30. e5 Rxb2+ 31. Nxb2 Nb6 32. Bc6 Bc4 33. Ke3
Bxa2 34. Nd3 Nc4+ 35. Ke2 Nxa3 36. Nxc5 Nc2 37. Ba4 Nd4+ 38. Kf2 Bd5 0-1

[Event "Politiken Cup 2008"]
[Site "Helsingør DEN"]
[Date "2008.07.20"]
[Round "3.11"]
[White "Golod, Vitali"]
[Black "Marusenko, Petr"]
[Result "1-0"]
[WhiteElo "2578"]
[BlackElo "2327"]
[PlyCount "71"]
[EventDate "2008.07.20"]
[EventType "swiss"]
[EventRounds "9"]
[EventCountry "DEN"]
[Source "lmi"]
[SourceDate "2008.07.20"]

1. d4 f5 2. c4 Nf6 3. g3 g6 4. Bg2 Bg7 5. Nc3 O-O 6. Nf3 d6 7. O-O Nc6 8. d5
Na5 9. Qa4 b6 10. Qc2 Bd7 11. b3 c5 12. dxc6 Nxc6 13. Bb2 Rc8 14. Rad1 Ng4 15.
Nd5 Nge5 16. Qd2 Qe8 17. Rfe1 Nxf3+ 18. exf3 Qf7 19. Nxe7+ Nxe7 20. Bxg7 Qxg7
21. Qxd6 Nc6 22. Qxd7 Qxd7 23. Rxd7 Rcd8 24. Rc7 Rc8 25. Rxc8 Rxc8 26. f4 Nb4
27. a3 Nc6 28. Rd1 Na5 29. Rd3 Kf8 30. Kf1 Ke7 31. Ke2 a6 32. Bd5 b5 33. c5 Nc6
34. b4 a5 35. Bxc6 Rxc6 36. Rd6 1-0

[Event "Politiken Cup 2008"]
[Site "Helsingør DEN"]
[Date "2008.07.20"]
[Round "3.12"]
[White "Malmdin, Nils-Ake"]
[Black "Kuzubov, Yuriy"]
[Result "0-1"]
[WhiteElo "2274"]
[BlackElo "2578"]
[PlyCount "88"]
[EventDate "2008.07.20"]
[EventType "swiss"]
[EventRounds "9"]
[EventCountry "DEN"]
[Source "lmi"]
[SourceDate "2008.07.20"]
[WhiteTeam "Sundsvall"]

1. e4 c5 2. Nf3 d6 3. d4 cxd4 4. Qxd4 a6 5. Nc3 Nc6 6. Qd1 Nf6 7. h3 g6 8. Be3
Bg7 9. Qd2 Qa5 10. Bd3 O-O 11. Bh6 b5 12. O-O b4 13. Bxg7 Kxg7 14. Ne2 Bb7 15.
Ng3 Rac8 16. Kh1 Rfd8 17. Qf4 Qc5 18. Rad1 a5 19. Rd2 h6 20. Re1 e5 21. Qe3
Qxe3 22. Rxe3 d5 23. Re1 d4 24. a4 Nd7 25. Bb5 f6 26. Ng1 Nc5 27. b3 Na7 28.
Bc4 Rc7 29. Bf1 Nc8 30. f3 Nd6 31. N1e2 Rdc8 32. Nc1 Ne6 33. Bd3 Nf4 34. Nge2
Nxd3 35. cxd3 Ba6 36. Kg1 f5 37. Red1 g5 38. Re1 Rc2 39. Red1 fxe4 40. fxe4 h5
41. Rxc2 Rxc2 42. Kf2 Bc8 43. Kg3 Be6 44. Kf3 Nb7 0-1

[Event "Politiken Cup 2008"]
[Site "Helsingør DEN"]
[Date "2008.07.20"]
[Round "3.15"]
[White "Evdokimov, Alexander A"]
[Black "Moen, Andreas"]
[Result "1-0"]
[WhiteElo "2555"]
[BlackElo "2297"]
[PlyCount "37"]
[EventDate "2008.07.20"]
[EventType "swiss"]
[EventRounds "9"]
[EventCountry "DEN"]
[Source "lmi"]
[SourceDate "2008.07.20"]
[BlackTeam "OSS"]

1. e4 e5 2. Nf3 Nf6 3. Nxe5 d6 4. Nf3 Nxe4 5. Nc3 Nxc3 6. dxc3 Be7 7. Be3 Nc6
8. Qd2 O-O 9. O-O-O Ne5 10. h4 Bg4 11. Be2 Qc8 12. h5 h6 13. Kb1 Re8 14. Rde1
Qd7 15. Nh2 Bxe2 16. Qxe2 Qa4 17. b3 Qh4 18. f4 Nc6 19. Ng4 1-0

[Event "Politiken Cup 2008"]
[Site "Helsingør DEN"]
[Date "2008.07.20"]
[Round "3.19"]
[White "Van Der Linde, Maurits"]
[Black "Aagaard, Jacob"]
[Result "0-1"]
[WhiteElo "2205"]
[BlackElo "2531"]
[PlyCount "90"]
[EventDate "2008.07.20"]
[EventType "swiss"]
[EventRounds "9"]
[EventCountry "DEN"]
[Source "lmi"]
[SourceDate "2008.07.20"]
[WhiteTeam "SV Spijkenisse"]
[BlackTeam "Sydøstfyn"]

1. e4 c5 2. Nf3 Nc6 3. c3 Nf6 4. e5 Nd5 5. Bc4 e6 6. O-O d6 7. d4 cxd4 8. cxd4
Be7 9. Nbd2 O-O 10. exd6 Qxd6 11. Ne4 Qc7 12. Qe2 Rd8 13. Rd1 Bd7 14. Bg5 Rac8
15. Bxd5 exd5 16. Bxe7 Nxe7 17. Nf6+ gxf6 18. Qxe7 Ba4 19. Re1 Qxe7 20. Rxe7
Rd7 21. Re2 Rdc7 22. h3 Rc2 23. Rae1 Kf8 24. Kh2 R8c7 25. Kg3 Bb5 26. Rxc2 Rxc2
27. Rb1 Ke7 28. Nh4 Bd3 29. Re1+ Kd7 30. Re3 Be4 31. f3 Bg6 32. Nxg6 fxg6 33.
Rb3 b6 34. a3 Rd2 35. a4 Rxd4 36. a5 Kc6 37. axb6 axb6 38. Re3 Kd6 39. Re8 Rb4
40. Rh8 Rxb2 41. Rxh7 d4 42. Kf4 Rxg2 43. Ke4 Rd2 44. Rb7 f5+ 45. Kf4 Kc6 0-1

[Event "Politiken Cup 2008"]
[Site "Helsingør DEN"]
[Date "2008.07.20"]
[Round "3.21"]
[White "Brunello, Sabino"]
[Black "Carlstedt, Jonathan"]
[Result "1/2-1/2"]
[WhiteElo "2482"]
[BlackElo "2203"]
[PlyCount "48"]
[EventDate "2008.07.20"]
[EventType "swiss"]
[EventRounds "9"]
[EventCountry "DEN"]
[Source "lmi"]
[SourceDate "2008.07.20"]
[BlackTeam "SK Marmsdorf"]

1. d4 Nf6 2. c4 c5 3. d5 e6 4. g3 exd5 5. cxd5 d6 6. Nc3 g6 7. Bg2 Bg7 8. Nf3
O-O 9. O-O a6 10. a4 Re8 11. Bf4 Bg4 12. Qb3 Qc7 13. Nd2 Bxe2 14. Nxe2 Rxe2 15.
Nc4 Bf8 16. Nb6 Ra7 17. a5 Nbd7 18. Rfe1 Rxe1+ 19. Rxe1 h6 20. h4 Qd8 21. Nc4
Qc7 22. Nb6 Qd8 23. Nc4 Qc7 24. Nb6 Qd8 1/2-1/2

[Event "Politiken Cup 2008"]
[Site "Helsingør DEN"]
[Date "2008.07.20"]
[Round "3.22"]
[White "Vanparys, Philip"]
[Black "Socko, Monika"]
[Result "0-1"]
[WhiteElo "2199"]
[BlackElo "2473"]
[PlyCount "84"]
[EventDate "2008.07.20"]
[EventType "swiss"]
[EventRounds "9"]
[EventCountry "DEN"]
[Source "lmi"]
[SourceDate "2008.07.20"]
[WhiteTeam "TSM Schaakclub"]

1. d4 Nf6 2. Nf3 e6 3. e3 b6 4. Bd3 Bb7 5. O-O Be7 6. c4 O-O 7. Nc3 d5 8. Qc2
Nbd7 9. e4 dxe4 10. Nxe4 Nxe4 11. Bxe4 Bxe4 12. Qxe4 Nf6 13. Qd3 c5 14. Rd1
cxd4 15. Nxd4 Qc7 16. b3 Rad8 17. Bb2 Ng4 18. Qh3 Qf4 19. Qg3 Qxg3 20. hxg3 Bc5
21. Kf1 Nxf2 22. Kxf2 e5 23. Rd3 Rd6 24. Rad1 Rfd8 25. Ke2 exd4 26. Bc1 Re8+
27. Kf1 Rf6+ 28. Rf3 Rfe6 29. Bd2 a5 30. Re1 f6 31. Rf5 Rxe1+ 32. Bxe1 Re5 33.
Rf3 Kf7 34. Bf2 Ke6 35. Rd3 Re4 36. Rf3 Ke5 37. Bg1 g5 38. Bf2 g4 39. Rd3 h5
40. Kg1 Re2 41. a3 Ke4 42. Rd1 d3 0-1

[Event "Politiken Cup 2008"]
[Site "Helsingør DEN"]
[Date "2008.07.20"]
[Round "3.23"]
[White "Brynell, Stellan"]
[Black "Van Zutphen, Jimmy"]
[Result "1-0"]
[WhiteElo "2468"]
[BlackElo "2201"]
[PlyCount "85"]
[EventDate "2008.07.20"]
[EventType "swiss"]
[EventRounds "9"]
[EventCountry "DEN"]
[Source "lmi"]
[SourceDate "2008.07.20"]
[WhiteTeam "Nordkalotten"]
[BlackTeam "SV De Wijker Toren"]

1. d4 d5 2. c4 Bf5 3. cxd5 Bxb1 4. Qa4+ Qd7 5. Qxd7+ Nxd7 6. Rxb1 Ngf6 7. a3
Nb6 8. f3 Nbxd5 9. e4 Nb6 10. d5 Rc8 11. Be3 g6 12. Ne2 Bg7 13. Nd4 O-O 14. Rc1
Nbxd5 15. exd5 Nxd5 16. Bf2 c5 17. Nb5 Bxb2 18. Rc2 Bd4 19. Nxa7 Rcd8 20. Nb5
e5 21. Bc4 b6 22. O-O Kg7 23. Rb1 Bxf2+ 24. Kxf2 f5 25. Rd1 Ne7 26. Rcd2 Rxd2+
27. Rxd2 Nc6 28. Rd7+ Kh6 29. Rd6 Na5 30. Bd5 e4 31. Rxb6 c4 32. Ra6 Rd8 33.
fxe4 fxe4 34. Nc3 Nb3 35. Ke3 Rd7 36. Ra4 Na1 37. Bxe4 Re7 38. Kd4 Nb3+ 39.
Kxc4 Nd2+ 40. Kd3 Nxe4 41. Rxe4 Ra7 42. a4 g5 43. g4 1-0

[Event "Politiken Cup 2008"]
[Site "Helsingør DEN"]
[Date "2008.07.20"]
[Round "3.24"]
[White "Laursen, Niels Norskov"]
[Black "Kristiansen, Jens"]
[Result "0-1"]
[WhiteElo "2190"]
[BlackElo "2441"]
[PlyCount "82"]
[EventDate "2008.07.20"]
[EventType "swiss"]
[EventRounds "9"]
[EventCountry "DEN"]
[Source "lmi"]
[SourceDate "2008.07.20"]
[WhiteTeam "K41"]
[BlackTeam "Bornholm"]

1. e4 d6 2. d4 Nf6 3. Nc3 g6 4. f4 Bg7 5. Bd3 O-O 6. Nf3 Nc6 7. e5 dxe5 8. dxe5
Nd5 9. Nxd5 Qxd5 10. Qe2 Bg4 11. Be4 Qa5+ 12. Bd2 Qb6 13. c3 Rad8 14. Be3 Qa5
15. a4 Nb4 16. O-O Nd5 17. b4 Qa6 18. Qxa6 bxa6 19. Bxd5 Rxd5 20. Nd4 f6 21.
Nc6 Re8 22. Bc5 Kf7 23. Bxa7 Bd7 24. Nd4 fxe5 25. c4 exd4 26. cxd5 Rd8 27. Bc5
Bf5 28. Rfe1 Bf6 29. h3 h5 30. Ra3 Rxd5 31. Kh2 a5 32. Rc1 d3 33. Ra2 d2 34.
Rd1 Bc3 35. Be3 axb4 36. Bxd2 b3 37. Bxc3 Rxd1 38. Rb2 Bc2 39. a5 Ke6 40. Be5
c5 41. a6 Rd8 0-1

[Event "Politiken Cup 2008"]
[Site "Helsingør DEN"]
[Date "2008.07.20"]
[Round "3.25"]
[White "Ashwin, Jayaram"]
[Black "Rossen, Claus"]
[Result "1-0"]
[WhiteElo "2436"]
[BlackElo "2187"]
[PlyCount "123"]
[EventDate "2008.07.20"]
[EventType "swiss"]
[EventRounds "9"]
[EventCountry "DEN"]
[Source "lmi"]
[SourceDate "2008.07.20"]
[BlackTeam "Tjele"]

1. e4 e5 2. Nf3 Nf6 3. Nxe5 d6 4. Nf3 Nxe4 5. d4 d5 6. Bd3 Be7 7. O-O Nc6 8.
Nc3 Bf5 9. Qe1 Nb4 10. Nxe4 dxe4 11. Bxe4 Nxc2 12. Bxc2 Bxc2 13. Qe2 Bf5 14.
Qb5+ Qd7 15. Qxb7 O-O 16. Ne5 Qxd4 17. Nc6 Qf6 18. Bf4 Bd6 19. Bxd6 cxd6 20.
Rad1 Rfe8 21. Rfe1 Kf8 22. h3 Qg5 23. Kh1 Bc2 24. Ra1 Qd5 25. Nd8 Qxb7 26. Nxb7
d5 27. Nd6 Reb8 28. Re2 Rxb2 29. Rc1 Rb6 30. Nxf7 Kxf7 31. Rcxc2 Re6 32. Rc7+
Kf6 33. Rxe6+ Kxe6 34. Rxg7 d4 35. Kg1 Rb8 36. Kf1 Rb2 37. Rxa7 d3 38. Ke1 Re2+
39. Kd1 Rxf2 40. g4 Ke5 41. a4 Kd4 42. Rxh7 Rf1+ 43. Kd2 Rf2+ 44. Ke1 Ra2 45.
Rd7+ Ke3 46. Re7+ Kd4 47. g5 Rxa4 48. g6 Ra6 49. g7 Rg6 50. h4 Rg2 51. h5 d2+
52. Kd1 Kd3 53. Rd7+ Ke3 54. h6 Rg1+ 55. Kc2 Rc1+ 56. Kb2 Rg1 57. Rd8 Ke2 58.
h7 Rxg7 59. h8=Q Rb7+ 60. Kc3 Rc7+ 61. Kb4 Rc2 62. Qh5+ 1-0

[Event "Politiken Cup 2008"]
[Site "Helsingør DEN"]
[Date "2008.07.20"]
[Round "3.28"]
[White "Reyer, Ulli"]
[Black "Schandorff, Lars"]
[Result "0-1"]
[WhiteElo "2178"]
[BlackElo "2537"]
[PlyCount "44"]
[EventDate "2008.07.20"]
[EventType "swiss"]
[EventRounds "9"]
[EventCountry "DEN"]
[Source "lmi"]
[SourceDate "2008.07.20"]
[WhiteTeam "Greiffswalder"]
[BlackTeam "Helsinge"]

1. e4 e5 2. Nf3 Nc6 3. Bc4 Bc5 4. d3 Nf6 5. c3 a6 6. Bb3 Ba7 7. h3 d6 8. Nbd2
O-O 9. Nf1 d5 10. Qe2 Be6 11. Bg5 dxe4 12. dxe4 Bxb3 13. axb3 h6 14. Rd1 Qe7
15. Bxf6 Qxf6 16. Ne3 Bxe3 17. Qxe3 Qe6 18. b4 Rad8 19. O-O Rd6 20. Rxd6 Qxd6
21. Qd2 Rd8 22. Rd1 Qxd2 0-1

[Event "Politiken Cup 2008"]
[Site "Helsingør DEN"]
[Date "2008.07.20"]
[Round "3.30"]
[White "Antonsen, Mikkel"]
[Black "Eriksen, Terje"]
[Result "1-0"]
[WhiteElo "2455"]
[BlackElo "2190"]
[PlyCount "77"]
[EventDate "2008.07.20"]
[EventType "swiss"]
[EventRounds "9"]
[EventCountry "DEN"]
[Source "lmi"]
[SourceDate "2008.07.20"]
[WhiteTeam "Næstved"]
[BlackTeam "Drammen"]

1. d4 Nf6 2. c4 g6 3. Nc3 d5 4. cxd5 Nxd5 5. Qa4+ c6 6. e4 Nxc3 7. bxc3 Bg7 8.
Nf3 O-O 9. Bg5 c5 10. Rd1 Bg4 11. Bb5 Nc6 12. Bxc6 bxc6 13. O-O Bxf3 14. gxf3
cxd4 15. cxd4 Qd6 16. d5 c5 17. Be3 Rfc8 18. f4 f6 19. Qc4 Rab8 20. Rb1 Qd7 21.
f3 Kh8 22. Rxb8 Rxb8 23. Qxc5 Bh6 24. Qxa7 Qxa7 25. Bxa7 Ra8 26. Bc5 Rxa2 27.
Bxe7 Bxf4 28. Bxf6+ Kg8 29. e5 Re2 30. e6 Bxh2+ 31. Kh1 Be5 32. Bxe5 Rxe5 33.
Rd1 Kf8 34. d6 Ke8 35. d7+ Kd8 36. Rd6 h5 37. Rc6 Ke7 38. Rc8 Rd5 39. Re8+ 1-0

[Event "Politiken Cup 2008"]
[Site "Helsingør DEN"]
[Date "2008.07.20"]
[Round "3.32"]
[White "Olsson, Linus"]
[Black "Flindt, Thomas"]
[Result "1-0"]
[WhiteElo "2365"]
[BlackElo "2166"]
[PlyCount "63"]
[EventDate "2008.07.20"]
[EventType "swiss"]
[EventRounds "9"]
[EventCountry "DEN"]
[Source "lmi"]
[SourceDate "2008.07.20"]
[WhiteTeam "LASK"]
[BlackTeam "Næstved"]

1. Nf3 d5 2. d4 c5 3. c4 e6 4. cxd5 exd5 5. g3 Nc6 6. Bg2 Nf6 7. O-O Be6 8. Nc3
Be7 9. Bg5 O-O 10. Bxf6 Bxf6 11. dxc5 Bxc3 12. bxc3 Qa5 13. Qd3 Qxc5 14. Ng5 g6
15. Nxe6 fxe6 16. e4 Ne5 17. Qe2 Qc4 18. Qe3 Ng4 19. Qg5 Nxf2 20. Rxf2 Rxf2 21.
Kxf2 Qxc3 22. Rd1 Qc5+ 23. Qe3 Rf8+ 24. Bf3 Qc2+ 25. Kg1 d4 26. Rxd4 Qxa2 27.
e5 Rf7 28. Rf4 Rc7 29. Bg2 b5 30. Qf3 Qa1+ 31. Bf1 Qxe5 32. Qa8+ 1-0